Statistiken für Städte NRWs nach Hinweis A-Z

Klicken Sie hier um das Quiz zu spielen!

Allgemein

  • Dieses Quiz wurde 183 mal gespielt
  • Das Durchschnittsergebnis liegt bei 16 aus 24

Antwortstatistiken

HinweisStadt% Korrekt
AStadt im äußersten Westen des Landes, in der früher die Kaiser gekrönt wurdenAachen
98%
BRuhrpott-Stadt, der Herbert Grönemeyer 1984 ein Lied geschrieben hatBochum
97%
EStadt, welche der Hauptsitz des Krupp-Konzerns und der Zeche Zollverein warEssen
94%
KGrößte Stadt NRWs mit weltbekanntem Dom und SchokoladenmuseumKöln
94%
LStadt am Rhein, in der sich der Sitz des Bayer-Konzerns befindetLeverkusen
88%
DDiese Stadt war unter anderem mit der Unions-, der DAB- und der Kronenbrauerei einst der größte Bierproduzent EuropasDortmund
85%
PBischofs- und Universitätssitz in Ostwestfalen, in der Deutschlands kürzester Fluss quellt und in die Lippe mündetPaderborn
80%
XStadt am Niederrhein, in dem ein altes Römerlager als Archäologischer Park besichtigt werden kannXanten
79%
HStadt im Östlichen Ruhrgebiet, in dessen Maximilianspark sich ein großer gläsener Elefant befindetHamm
75%
WStadt im Bergischen Land, welche durch die Vereinigung von Elberfeld und Barmen entstandWuppertal
73%
IGrößte Stadt des Sauerlands, welche mit den Roosters auch in der Eishockey-Bundesliga vertreten sindIserlohn
69%
NGroßstadt am Rhein, in der das größte Schützenfest Nordrhein-Westfalens stattfindetNeuss
67%
UKreisstadt am östlichen Rand des Ruhrgebiets am Hellweg, in der sich ein Lichtmuseum befindetUnna
66%
OKreisstadt am Biggesee im Sauerland, "Stadt der tausend Linden"Olpe
60%
GStadt im Bergischen Land, dessen Handballverein 12x Deutscher Meister werden konnteGummersbach
58%
JHerzogs- und Kernforschungs-Stadt im Kreis DürenJülich
57%
RGroßstadt im Bergischen Land, bekannt für seine Werkzeug- und Metallindustrie und als Geburtsort von Wilhelm Conrad RöntgenRemscheid
53%
CKreisstadt im Münsterland, in dessen Lamberti-Kirche sich ein bekanntes Kreuz befindetCoesfeld
52%
MEhemaliger Bistumssitz, an dem der Mittellandkanal die Weser kreuztMinden
48%
SWestfälische Hansestadt, in dessen mittelalterlicher Innenstadt jedes Jahr die Allerheiligenkirmes stattfindetSoest
47%
VStadt zwischen Ruhrgebiet und Bergischem Land, in dem sich der brutalistische Nevigeser Wallfahrtsdom befindetVelbert
37%
TStadt im Rhein-Sieg-Kreis, in dessen Bilderbuchmuseum alle zwei Jahre der Bilderbuchpreis vergeben wirdTroisdorf
32%
FKeramik und Braunkohle-Stadt im Rhein-Erft-KreisFrechen
30%
ZStadt in der Voreifel, bei der Frankenkönig Chlodwig nach Sieg über die Alemannen sich angeblich zum Christentum bekehrteZülpich
27%

Verteilung der Resultate

Perzentil nach korrekt beantworteten Fragen

Anzahl Personen mit jedem Resultat

Ihre Resultats-Entwicklung

Sie haben dieses Quiz noch nicht gespielt